Statistiken für Meist gefolgten Instagram Accounts

Klicken Sie hier um das Quiz zu spielen!

Allgemein

  • Dieses Quiz wurde 144 mal gespielt
  • Das Durchschnittsergebnis liegt bei 13 aus 50

Antwortstatistiken

Follower (Millionen)AccountPlatz% Korrekt
601Cristiano Ronaldo2.
95%
483Lionel Messi3.
92%
169Cardi B25
84%
363Kim Kardashian8.
68%
653Instagram1.
66%
398Kylie Jenner5.
59%
292Justin Bieber13.
58%
212Neymar21.
58%
293Kendall Jenner12.
49%
107Kylian Mbappe36.
46%
427Selena Gomez4.
46%
271Taylor Swift15.
46%
378Ariana Grande7.
41%
224Kourtney Kardashian19.
39%
311Khloe Kardashian10.
38%
389Dwayne Johnson6.
33%
152Rihanna28.
32%
141Drake31.
28%
316Beyonce9.
26%
157LeBron James26.
24%
213Miley Cyrus20.
24%
225Nicki Minaj18.
20%
110Billie Eilish34.
19%
88Dua Lipa42.
18%
122FC Barcelona33.
18%
88Shakira43.
18%
145Real Madrid29.
17%
204Katy Perry22.
16%
250Jennifer Lopez17.
15%
303Nike11.
15%
82David Beckham45.
13%
79Gigi Hadid50.
12%
184Zendaya23.
9%
98Vin Diesel38.
8%
178Kevin Hart24.
7%
143Chris Brown30.
6%
157Demi Lovato27.
4%
82NBA44.
4%
81Snoop Dogg48.
4%
139Ellen DeGeneres32.
3%
107Gal Gadot37.
3%
96Lisa39.
3%
81Jennie47.
1%
80Khaby Lame49.
1%
282National Geographic14.
1%
82Shraddha Kapoor46.
1%
108UEFA Champions League35.
1%
94NASA40.
0%
89Priyanka Chopra41.
0%
256Virat Kholi16.
0%

Verteilung der Resultate

Perzentil nach korrekt beantworteten Fragen

Anzahl Personen mit jedem Resultat

Ihre Resultats-Entwicklung

Sie haben dieses Quiz noch nicht gespielt